[Event "Paris Ch op C"]
[Site "Paris "]
[Date "2008.07.05"]
[Round "8.6"]
[White "Pierre, Laurent"]
[Black "Fleurimont, Thierry"]
[Result "0-1"]
[WhiteElo "1440"]
[BlackElo "1450"]
[PlyCount "124"]
[EventDate "2008.06.28"]
[EventType "swiss"]
[EventRounds "9"]
[EventCountry "FRA"]
[WhiteTeamCountry "FRA"]
[BlackTeamCountry "FRA"]

1. e4 c5 2. Nc3 e6 3. Nf3 a6 4. d3 Nc6 5. Bg5 Be7 6. Bxe7 Qxe7 7. g3 Nf6 8. h3
b6 9. Bg2 Bb7 10. O-O O-O 11. Re1 d6 12. Qd2 Nd7 13. a3 f5 14. exf5 Rxf5 15. g4
Rf6 16. g5 Rg6 17. h4 e5 18. h5 Re6 19. Nd5 Qd8 20. c4 Rc8 21. Bh3 Re8 22. Bxd7
Qxd7 23. Nh2 Qh3 24. h6 Nd4 25. hxg7 Re6 26. Qe3 Qxe3 27. fxe3 Nc2 28. Nxb6 Rc7
29. Rf1 Nxa1 30. Rxa1 Rxg7 31. Kf2 Rxg5 32. Nf3 Rf6 33. Nd5 Bxd5 34. cxd5 Rh5
35. Rg1+ Kf7 36. Ke2 h6 37. b4 cxb4 38. axb4 Rh3 39. Rf1 Rg3 40. e4 Rg2+ 41.
Rf2 Rxf2+ 42. Kxf2 Ke7 43. Ke3 Rf8 44. d4 exd4+ 45. Nxd4 Kd7 46. Nc6 h5 47. e5
Re8 48. e6+ Kc7 49. Kf4 h4 50. Kg4 Rh8 51. Kh3 Rh5 52. Ne7 Kd8 53. Nc6+ Ke8 54.
Nb8 Rxd5 55. Kxh4 a5 56. bxa5 Rxa5 57. Kg4 Re5 58. Na6 Ke7 59. Nc7 Rc5 60. Na6
Rc6 61. Nb4 Rc4+ 62. Kf5 Rxb4 0-1

[Event "Paris Ch op C"]
[Site "Paris "]
[Date "2008.07.05"]
[Round "8.7"]
[White "Guerlach, Keigo"]
[Black "Khechab, Michel"]
[Result "1-0"]
[WhiteElo "1440"]
[BlackElo "1390"]
[PlyCount "59"]
[EventDate "2008.06.28"]
[EventType "swiss"]
[EventRounds "9"]
[EventCountry "FRA"]
[WhiteTeamCountry "FRA"]
[BlackTeamCountry "FRA"]

1. e4 e5 2. Nf3 Nc6 3. Bc4 Bc5 4. c3 Nf6 5. d4 exd4 6. e5 Qe7 7. cxd4 Nxd4 8.
Nxd4 Qxe5+ 9. Ne2 d5 10. Bd3 Bf5 11. Bxf5 Qxf5 12. O-O O-O 13. Nbc3 c6 14. Be3
Bd6 15. Qd2 Ng4 16. Bf4 Rad8 17. Bxd6 Rxd6 18. h3 Ne5 19. Qf4 Rf6 20. Qxf5 Rxf5
21. Rfe1 Nd3 22. Ng3 Rxf2 23. Red1 Nxb2 24. Kxf2 Nxd1+ 25. Rxd1 Re8 26. Nf5 Re5
27. Nd6 b6 28. Nc8 f5 29. Nxa7 c5 30. Nxd5 1-0

[Event "Paris Ch op C"]
[Site "Paris "]
[Date "2008.07.05"]
[Round "8.8"]
[White "Buchner, David"]
[Black "Pallandre, Christian"]
[Result "0-1"]
[WhiteElo "1340"]
[BlackElo "1440"]
[PlyCount "90"]
[EventDate "2008.06.28"]
[EventType "swiss"]
[EventRounds "9"]
[EventCountry "FRA"]
[WhiteTeamCountry "FRA"]
[BlackTeamCountry "FRA"]

1. e4 e6 2. d4 d5 3. e5 c5 4. Nf3 Nc6 5. Bb5 Bd7 6. Be3 Qb6 7. Bxc6 Bxc6 8. b3
Nh6 9. Bxh6 gxh6 10. Qd3 O-O-O 11. a4 c4 12. bxc4 Qb2 13. O-O Qxa1 14. Nc3 Qa3
15. c5 Bxa4 16. Rb1 Bc6 17. Nb5 Qxd3 18. cxd3 Bxb5 19. Rxb5 Kc7 20. Nd2 Rb8 21.
Ra5 a6 22. Ra2 Be7 23. f4 Rhg8 24. g3 f6 25. Rc2 h5 26. Nf3 f5 27. Kg2 h4 28.
Rc1 Rg7 29. Kf2 hxg3+ 30. hxg3 Rbg8 31. Rg1 h5 32. Rh1 Rxg3 33. Rxh5 b5 34.
cxb6+ Kxb6 35. Rh7 R3g7 36. Rh6 Rg6 37. Rh7 Rg2+ 38. Ke1 Bb4+ 39. Kf1 a5 40.
Rh6 R2g6 41. Rh2 Rg2 42. Rh6 Kc7 43. Rxe6 a4 44. Ra6 a3 45. Ra4 Rb2 0-1

[Event "Paris Ch op C"]
[Site "Paris "]
[Date "2008.07.05"]
[Round "8.9"]
[White "Weintraub, Richard"]
[Black "Lamure, Pierre-Louis"]
[Result "0-1"]
[WhiteElo "1470"]
[BlackElo "1290"]
[PlyCount "26"]
[EventDate "2008.06.28"]
[EventType "swiss"]
[EventRounds "9"]
[EventCountry "FRA"]
[WhiteTeamCountry "FRA"]
[BlackTeamCountry "FRA"]

1. e4 e5 2. Nf3 Nf6 3. Bc4 Nc6 4. d3 d5 5. exd5 Nxd5 6. Nc3 Nxc3 7. bxc3 Bd6 8.
d4 O-O 9. O-O Bg4 10. Be3 e4 11. h3 exf3 12. hxg4 Qh4 13. g3 Bxg3 0-1

[Event "Paris Ch op C"]
[Site "Paris "]
[Date "2008.07.05"]
[Round "8.10"]
[White "Lutard, Florian"]
[Black "Trocme, Jacques"]
[Result "1/2-1/2"]
[WhiteElo "1370"]
[BlackElo "1480"]
[PlyCount "83"]
[EventDate "2008.06.28"]
[EventType "swiss"]
[EventRounds "9"]
[EventCountry "FRA"]
[WhiteTeamCountry "FRA"]
[BlackTeamCountry "FRA"]

1. d4 Nf6 2. c4 g6 3. Nc3 Bg7 4. Nf3 h6 5. Bf4 d6 6. e3 Nh5 7. Be2 Nxf4 8. exf4
b6 9. Bd3 Bb7 10. Be4 Bxe4 11. Nxe4 Nd7 12. O-O c5 13. dxc5 bxc5 14. Rb1 Qc7
15. b4 O-O 16. g3 Rab8 17. bxc5 dxc5 18. Qd5 Rfd8 19. Rfd1 Rxb1 20. Rxb1 e6 21.
Qd6 Qxd6 22. Nxd6 Nb6 23. Nb7 Rd3 24. Ne5 Bxe5 25. fxe5 Nxc4 26. Nxc5 Rd8 27.
Rb7 Nxe5 28. Rxa7 g5 29. a4 Rc8 30. Nd7 Nc6 31. Rb7 Kg7 32. Nb6 Rb8 33. Rxb8
Nxb8 34. a5 Na6 35. Nc4 f5 36. Ne5 h5 37. Nf3 Kf6 38. h4 g4 39. Ng5 e5 40. Kg2
Nc5 41. f3 gxf3+ 42. Kxf3 1/2-1/2

[Event "Paris Ch op C"]
[Site "Paris "]
[Date "2008.07.05"]
[Round "8.11"]
[White "Hermez, Mohammed"]
[Black "Vega-Ritter, Isabelle"]
[Result "1-0"]
[WhiteElo "1400"]
[BlackElo "1469"]
[PlyCount "87"]
[EventDate "2008.06.28"]
[EventType "swiss"]
[EventRounds "9"]
[EventCountry "FRA"]
[WhiteTeamCountry "FRA"]
[BlackTeamCountry "FRA"]

1. e4 e5 2. Nf3 Nc6 3. Bb5 Bc5 4. O-O Nge7 5. Nc3 O-O 6. a3 a6 7. Ba4 b5 8. Bb3
d6 9. Nd5 Nxd5 10. Bxd5 Bb7 11. b4 Bb6 12. d3 Rb8 13. Be3 Nd4 14. Nxd4 exd4 15.
Bxb7 Rxb7 16. Bd2 c5 17. f4 f5 18. Qh5 Rbf7 19. Rae1 Rf6 20. e5 Rh6 21. Qg5 Qb8
22. e6 Rff6 23. e7 Qe8 24. Re2 Rhg6 25. Qh5 c4 26. h3 Rf7 27. Rfe1 Rh6 28. Qf3
Bc7 29. Qb7 Bb8 30. Qb6 c3 31. Bc1 d5 32. Qd8 Qxd8 33. exd8=Q+ Rf8 34. Re8 Bd6
35. Rxf8+ Bxf8 36. Re8 Rf6 37. Qxd5+ Rf7 38. g4 g6 39. gxf5 Kg7 40. Qxd4+ Kh6
41. fxg6 Rf5 42. Rxf8 Rxf8 43. f5+ Kh5 44. Qg4# 1-0

[Event "Paris Ch op C"]
[Site "Paris "]
[Date "2008.07.05"]
[Round "8.12"]
[White "Segarra, Rene"]
[Black "Terradot, Francois"]
[Result "0-1"]
[WhiteElo "1380"]
[BlackElo "1420"]
[PlyCount "138"]
[EventDate "2008.06.28"]
[EventType "swiss"]
[EventRounds "9"]
[EventCountry "FRA"]
[WhiteTeamCountry "FRA"]
[BlackTeamCountry "FRA"]

1. f4 d5 2. e3 Nf6 3. Nf3 Bg4 4. d3 Nc6 5. Be2 e6 6. O-O Bd6 7. a3 O-O 8. Nbd2
Re8 9. d4 a6 10. Bd3 Re7 11. Qe1 Bxf3 12. Rxf3 Qe8 13. Rh3 e5 14. fxe5 Nxe5 15.
dxe5 Bxe5 16. Nf3 Bf4 17. Nd4 c5 18. Nf5 Re5 19. c3 Rd8 20. Qf2 Bg5 21. Rg3 h6
22. h4 Rxf5 23. Qxf5 Bxh4 24. Rh3 Bg5 25. Qf3 Qa4 26. Qe2 Qg4 27. Qxg4 Nxg4 28.
Bc2 Re8 29. Bd2 Bxe3+ 30. Bxe3 Nxe3 31. Re1 d4 32. Bd3 Kf8 33. c4 Re5 34. Re2
Rg5 35. Re1 Rxg2+ 36. Kh1 Rxb2 37. Re2 Rb3 38. Rd2 Rxa3 39. Rh5 b6 40. Kg1 a5
41. Kf2 a4 42. Rh1 Rb3 43. Ra1 Rb4 44. Rc1 f6 45. Ra2 h5 46. Rb1 Rxb1 47. Bxb1
Nxc4 48. Rxa4 Ne5 49. Ra8+ Ke7 50. Rb8 Nd7 51. Rh8 c4 52. Rxh5 d3 53. Ke3 Ne5
54. Rh1 b5 55. Rc1 g5 56. Kd2 g4 57. Kc3 Kd6 58. Kb4 Kc6 59. Rf1 Nf3 60. Rf2 f5
61. Rg2 Kd5 62. Kxb5 Kd4 63. Ba2 d2 64. Bxc4 d1=Q 65. Rb2 Qc1 66. Rb4 Ke5 67.
Kc5 Qe3+ 68. Kb5 Nd4+ 69. Ka5 Nc6+ 0-1

[Event "Paris Ch op C"]
[Site "Paris "]
[Date "2008.07.05"]
[Round "8.13"]
[White "Leconte, Nicolas"]
[Black "Puyo, Elisabeth"]
[Result "1-0"]
[WhiteElo "1410"]
[BlackElo "1300"]
[PlyCount "85"]
[EventDate "2008.06.28"]
[EventType "swiss"]
[EventRounds "9"]
[EventCountry "FRA"]
[WhiteTeamCountry "FRA"]
[BlackTeamCountry "FRA"]

1. d4 d5 2. Bf4 Nf6 3. Nf3 Nc6 4. h3 Bf5 5. c3 e6 6. e3 a6 7. Bd3 Bxd3 8. Qxd3
Be7 9. Nbd2 O-O 10. O-O Nh5 11. Bh2 Bd6 12. c4 Bxh2+ 13. Nxh2 Nb4 14. Qb3 Qe7
15. c5 Nc6 16. Ndf3 Rab8 17. Rac1 Nf6 18. Ne5 Ne4 19. Qd3 Nb4 20. Qb3 Nd2 21.
Qxb4 Nxf1 22. Kxf1 c6 23. Nhf3 f6 24. Nd3 Qf7 25. a4 Rbe8 26. Qd2 Qg6 27. Rd1
Re7 28. Qc3 Qe4 29. Nd2 Qf5 30. Re1 e5 31. e4 exd4 32. exf5 Rxe1+ 33. Nxe1 dxc3
34. bxc3 Re8 35. Ndf3 Re4 36. Nd4 Kf7 37. f3 Re3 38. Ne6 Rxc3 39. Nd8+ Ke8 40.
Nxb7 Ke7 41. g4 Rb3 42. Na5 Kd7 43. Nxb3 1-0

[Event "Paris Ch op C"]
[Site "Paris "]
[Date "2008.07.05"]
[Round "8.14"]
[White "Lefort, Sophie"]
[Black "Portier, Pierre"]
[Result "0-1"]
[WhiteElo "1199"]
[BlackElo "1499"]
[PlyCount "74"]
[EventDate "2008.06.28"]
[EventType "swiss"]
[EventRounds "9"]
[EventCountry "FRA"]
[WhiteTeamCountry "FRA"]
[BlackTeamCountry "FRA"]

1. e4 e5 2. Nf3 Nc6 3. Bb5 a6 4. Ba4 Nf6 5. Nc3 d6 6. d4 exd4 7. Nxd4 Bd7 8.
O-O Ne5 9. Bxd7+ Nexd7 10. Bg5 Be7 11. Nf5 O-O 12. Nxe7+ Qxe7 13. Qf3 Qe5 14.
Bf4 Qe6 15. Rad1 Ne5 16. Bxe5 Qxe5 17. Qd3 Qc5 18. Kh1 Ng4 19. Qg3 Ne5 20. f4
Nc4 21. Rd5 Qc6 22. Rg5 g6 23. Nd5 Kg7 24. f5 Nd2 25. Rf4 Qxc2 26. f6+ Kh8 27.
h4 Qd1+ 28. Kh2 Nf1+ 29. Rxf1 Qxf1 30. h5 c6 31. hxg6 fxg6 32. Nf4 Rxf6 33.
Nxg6+ Rxg6 34. Rxg6 hxg6 35. Qh3+ Kg7 36. Qd7+ Qf7 37. Qh3 Rh8 0-1

[Event "Paris Ch op C"]
[Site "Paris "]
[Date "2008.07.05"]
[Round "8.15"]
[White "Samy, Valerie"]
[Black "Sriskantharajah, Niroshan"]
[Result "1-0"]
[WhiteElo "1499"]
[BlackElo "1370"]
[PlyCount "137"]
[EventDate "2008.06.28"]
[EventType "swiss"]
[EventRounds "9"]
[EventCountry "FRA"]
[WhiteTeamCountry "FRA"]
[BlackTeamCountry "FRA"]

1. e4 e6 2. d4 d5 3. Nc3 Bb4 4. Bd3 c5 5. a3 Bxc3+ 6. bxc3 cxd4 7. Bd2 dxc3 8.
Bxc3 f6 9. Qh5+ g6 10. Qf3 d4 11. Bd2 e5 12. Ne2 Nc6 13. c3 h5 14. Bc4 Bg4 15.
Qd3 Bxe2 16. Qxe2 Qd6 17. Bd5 Nge7 18. Qb5 Rb8 19. Bc4 a6 20. Qb3 b5 21. Bd3
Na5 22. Qc2 Rc8 23. O-O g5 24. a4 Nc4 25. axb5 axb5 26. Rab1 Na3 27. Qb3 Nxb1
28. Bxb5+ Kf8 29. Rxb1 dxc3 30. Bxc3 Rb8 31. Qa4 Kg7 32. Bb4 Qd4 33. Rd1 Qxd1+
34. Qxd1 Rxb5 35. Bxe7 Rhb8 36. Bxf6+ Kxf6 37. Qf3+ Kg6 38. Qf5+ Kh6 39. g3 Rg8
40. Qe6+ Rg6 41. Qe8 Rb1+ 42. Kg2 Rb7 43. Qxe5 g4 44. Qf4+ Kh7 45. h3 gxh3+ 46.
Kxh3 Rb1 47. Qf5 h4 48. e5 Re1 49. g4 Rh1+ 50. Kg2 Re1 51. Qf7+ Kh6 52. Qf8+
Kh7 53. Qe7+ Kg8 54. Qxh4 Rxe5 55. Qd8+ Kf7 56. Qc7+ Re7 57. Qf4+ Kg7 58. Qd4+
Kh7 59. Qd3 Reg7 60. f4 Kh8 61. g5 Rh6 62. Kg3 Rhh7 63. Qd8+ Rg8 64. Qf6+ Rgg7
65. g6 Rh1 66. Kg4 Rg1+ 67. Kf5 Rg2 68. Qh4+ Rh7 69. Qxh7# 1-0

[Event "Paris Ch op C"]
[Site "Paris "]
[Date "2008.07.05"]
[Round "8.16"]
[White "Souchaud, Raymond"]
[Black "Fouliard, Matthieu"]
[Result "1-0"]
[WhiteElo "1480"]
[BlackElo "1330"]
[PlyCount "73"]
[EventDate "2008.06.28"]
[EventType "swiss"]
[EventRounds "9"]
[EventCountry "FRA"]
[WhiteTeamCountry "FRA"]
[BlackTeamCountry "FRA"]

1. Nf3 Nc6 2. e4 e5 3. c3 Nf6 4. d3 d5 5. Qc2 Bg4 6. Be2 dxe4 7. dxe4 Qe7 8. h3
Bxf3 9. Bxf3 O-O-O 10. O-O Qe6 11. Bg5 h6 12. Bxf6 Qxf6 13. Nd2 Bc5 14. b4 Qg5
15. Rad1 Bb6 16. a4 a5 17. b5 Ne7 18. Bg4+ Kb8 19. Nf3 Qg6 20. Nxe5 Qf6 21.
Nd7+ Rxd7 22. Rxd7 Bc5 23. Kh1 h5 24. Bf3 Bd6 25. Re1 Qe5 26. g3 Qe6 27. Rxd6
Qxh3+ 28. Kg1 cxd6 29. Bg2 Qe6 30. c4 Rc8 31. Re3 Qxc4 32. Qxc4 Rxc4 33. Rd3
Rxa4 34. Rxd6 Kc8 35. b6 Rb4 36. Bh3+ Kb8 37. Rd8+ 1-0

[Event "Paris Ch op C"]
[Site "Paris "]
[Date "2008.07.05"]
[Round "8.17"]
[White "Roux, Jean-Marie"]
[Black "Benhaim, Louis"]
[Result "0-1"]
[WhiteElo "1470"]
[BlackElo "1340"]
[PlyCount "80"]
[EventDate "2008.06.28"]
[EventType "swiss"]
[EventRounds "9"]
[EventCountry "FRA"]
[WhiteTeamCountry "FRA"]
[BlackTeamCountry "FRA"]

1. e4 c5 2. Nf3 e6 3. Nc3 a6 4. Bc4 Qc7 5. d3 Nc6 6. Bg5 h6 7. Bh4 Be7 8. Bg3
d6 9. Qd2 Nf6 10. Bf4 Bd7 11. Be3 Ng4 12. Bf4 Rb8 13. h3 Nf6 14. g4 e5 15. Be3
Nd4 16. Bxd4 cxd4 17. Nd5 Nxd5 18. Bxd5 Rc8 19. Rc1 b5 20. g5 h5 21. Nh4 g6 22.
f4 Qd8 23. Nf3 Rb8 24. f5 gxf5 25. g6 Bh4+ 26. Ke2 fxg6 27. Rcg1 fxe4 28. dxe4
Qf6 29. Nxh4 Qxh4 30. Rxg6 Bg4+ 31. hxg4 Qxh1 32. Re6+ Kd7 33. Re7+ Kd8 34.
Qa5+ Kxe7 35. Qc7+ Kf6 36. Qf7+ Kg5 37. Qf5+ Kh4 38. Qf6+ Kh3 39. Qf3+ Qxf3+
40. Kxf3 hxg4+ 0-1

[Event "Paris Ch op C"]
[Site "Paris "]
[Date "2008.07.05"]
[Round "8.18"]
[White "Geoffroy, Boris"]
[Black "Guillaume, Gerard"]
[Result "1-0"]
[WhiteElo "1330"]
[BlackElo "1390"]
[PlyCount "111"]
[EventDate "2008.06.28"]
[EventType "swiss"]
[EventRounds "9"]
[EventCountry "FRA"]
[WhiteTeamCountry "FRA"]
[BlackTeamCountry "FRA"]

1. e4 e5 2. Nf3 Nf6 3. Bc4 Nxe4 4. Qe2 d5 5. Bb3 Nc6 6. Ba4 Qf6 7. d3 Nc5 8.
Bxc6+ bxc6 9. Qxe5+ Qxe5+ 10. Nxe5 Bb7 11. O-O Bd6 12. Re1 O-O 13. d4 Rfe8 14.
Nc3 Nd7 15. Bf4 Re7 16. Nxd7 Rxe1+ 17. Rxe1 Bxf4 18. Nc5 Bd2 19. Re7 Kf8 20.
Rxc7 Re8 21. g3 Bc8 22. Rxc6 Bh3 23. f3 Be3+ 24. Kh1 Bxd4 25. Nd3 Bxc3 26. Rxc3
g6 27. Rc5 Be6 28. c3 g5 29. Ra5 Re7 30. Kg2 f6 31. Nb4 Bf7 32. Nxd5 Bxd5 33.
Rxd5 Re2+ 34. Kh3 Rxb2 35. Ra5 Rb7 36. c4 Rc7 37. c5 h5 38. f4 g4+ 39. Kh4 f5
40. Kxh5 Rh7+ 41. Kg5 Rxh2 42. c6 Ke7 43. c7 Rc2 44. Rxa7 Kd7 45. Kxf5 Kc8 46.
Kxg4 Rc6 47. Kg5 Rd6 48. f5 Rd5 49. g4 Re5 50. Kg6 Re6+ 51. f6 Rd6 52. g5 Rd7
53. f7 Rd6+ 54. Kg7 Rd7 55. g6 Re7 56. Kg8 1-0

[Event "Paris Ch op C"]
[Site "Paris "]
[Date "2008.07.05"]
[Round "8.19"]
[White "Roque, Gaetan"]
[Black "Paillet, Raymond"]
[Result "1-0"]
[WhiteElo "1380"]
[BlackElo "1320"]
[PlyCount "27"]
[EventDate "2008.06.28"]
[EventType "swiss"]
[EventRounds "9"]
[EventCountry "FRA"]
[WhiteTeamCountry "FRA"]
[BlackTeamCountry "FRA"]

1. e4 c5 2. Nc3 d6 3. Nf3 Nf6 4. h3 b6 5. Bc4 e6 6. d3 Nbd7 7. Bb5 Be7 8. e5
dxe5 9. Nxe5 a6 10. Bxd7+ Bxd7 11. Bg5 Bc8 12. Qf3 Bd7 13. Ne4 Nxe4 14. Qxf7#
1-0

[Event "Paris Ch op C"]
[Site "Paris "]
[Date "2008.07.05"]
[Round "8.20"]
[White "Antoni, Marc"]
[Black "Fattaccini, Paul-Andre"]
[Result "1/2-1/2"]
[WhiteElo "1370"]
[BlackElo "1199"]
[PlyCount "81"]
[EventDate "2008.06.28"]
[EventType "swiss"]
[EventRounds "9"]
[EventCountry "FRA"]
[WhiteTeamCountry "FRA"]
[BlackTeamCountry "FRA"]

1. Nf3 c5 2. b3 Nc6 3. e3 e5 4. Bb2 d6 5. Bb5 Bd7 6. d3 a6 7. Bxc6 Bxc6 8. e4
Nf6 9. c4 Rb8 10. Nc3 b5 11. Qe2 Be7 12. O-O O-O 13. Rfd1 bxc4 14. dxc4 Nh5 15.
Nd5 Bxd5 16. cxd5 Qb6 17. Nd2 Nf4 18. Qc4 f5 19. g3 Nh3+ 20. Kg2 Ng5 21. h4
Nxe4 22. Nxe4 fxe4 23. Qxe4 c4 24. Qe3 cxb3 25. Qxb6 Rxb6 26. a3 a5 27. Bc3 a4
28. Bb4 Rb5 29. Rac1 Rfb8 30. Rc7 Bf8 31. Ra7 Rxb4 32. axb4 Rxb4 33. Rc1 b2 34.
Rb1 h5 35. Kf3 Rb3+ 36. Ke2 a3 37. Kd2 Be7 38. Kc2 Rf3 39. Rf1 Bf6 40. Kb1 e4
41. Re1 1/2-1/2

[Event "Paris Ch op C"]
[Site "Paris "]
[Date "2008.07.05"]
[Round "8.21"]
[White "Combet, Pierre"]
[Black "Moimeaux, Archibald"]
[Result "0-1"]
[WhiteElo "1370"]
[BlackElo "1199"]
[PlyCount "92"]
[EventDate "2008.06.28"]
[EventType "swiss"]
[EventRounds "9"]
[EventCountry "FRA"]
[WhiteTeamCountry "FRA"]
[BlackTeamCountry "FRA"]

1. c4 e5 2. Nc3 Nf6 3. g3 d6 4. Bg2 Nc6 5. e4 Bd7 6. Nge2 Be7 7. O-O O-O 8. d3
Qc8 9. f4 exf4 10. Nxf4 Ne5 11. Nfd5 Re8 12. Nxe7+ Rxe7 13. Bg5 Neg4 14. Qf3 h6
15. Bxf6 Nxf6 16. d4 Bh3 17. Rae1 Bxg2 18. Kxg2 Qg4 19. Qe3 Rae8 20. Rf4 Qg5
21. Qf3 c6 22. d5 cxd5 23. Nxd5 Nxd5 24. cxd5 f6 25. Rf5 Qd2+ 26. Re2 Qd4 27.
Rf4 Re5 28. g4 Qc4 29. b3 Qa6 30. h4 Rxd5 31. Qf2 Rde5 32. Qf3 d5 33. g5 hxg5
34. hxg5 Rxg5+ 35. Kf2 dxe4 36. Rfxe4 Rxe4 37. Qxe4 Re5 38. Qc4+ Qxc4 39. bxc4
Rxe2+ 40. Kxe2 Kf7 41. Kd3 Ke6 42. Kd4 Kd6 43. a4 g5 44. a5 a6 45. c5+ Kc6 46.
Kc4 g4 0-1

[Event "Paris Ch op C"]
[Site "Paris "]
[Date "2008.07.05"]
[Round "8.22"]
[White "Delhy, Jacques"]
[Black "Vallobra, Thierry"]
[Result "1/2-1/2"]
[WhiteElo "1320"]
[BlackElo "1499"]
[PlyCount "37"]
[EventDate "2008.06.28"]
[EventType "swiss"]
[EventRounds "9"]
[EventCountry "FRA"]
[WhiteTeamCountry "FRA"]
[BlackTeamCountry "FRA"]

1. e4 e6 2. d4 d5 3. Nc3 c5 4. exd5 exd5 5. dxc5 Bxc5 6. Qxd5 Qe7+ 7. Qe4 Bf5
8. Qxe7+ Nxe7 9. Bd3 Nbc6 10. Bxf5 Nxf5 11. Nf3 Nb4 12. O-O Nxc2 13. Rb1 O-O
14. Rd1 Rad8 15. Bd2 Ncd4 16. Nxd4 Nxd4 17. Kf1 Rfe8 18. Be3 b6 19. Na4 1/2-1/2

[Event "Paris Ch op C"]
[Site "Paris "]
[Date "2008.07.05"]
[Round "8.23"]
[White "Duffaud, Celia"]
[Black "Maury, Anette"]
[Result "1-0"]
[WhiteElo "1390"]
[BlackElo "1320"]
[PlyCount "151"]
[EventDate "2008.06.28"]
[EventType "swiss"]
[EventRounds "9"]
[EventCountry "FRA"]
[WhiteTeamCountry "FRA"]
[BlackTeamCountry "FRA"]

1. e4 e6 2. d4 d5 3. e5 c5 4. dxc5 Bxc5 5. Bd3 Nc6 6. Nf3 Qc7 7. Bf4 h6 8. O-O
Nge7 9. Nc3 Ng6 10. Bxg6 fxg6 11. Qd3 Qf7 12. Ne2 Bd7 13. Be3 Be7 14. c4 Nb4
15. Qc3 Rc8 16. b3 O-O 17. Bxa7 dxc4 18. bxc4 b5 19. c5 Nd5 20. Qd4 Ra8 21. Bb6
Nxb6 22. cxb6 Bc6 23. Qe3 Bxf3 24. gxf3 Qxf3 25. Qxf3 Rxf3 26. Rfc1 Rff8 27.
Nd4 Bh4 28. Rf1 Rab8 29. Nxe6 Rfc8 30. Rab1 Rxb6 31. Nd4 Re8 32. Rfe1 Rf8 33.
Re2 Re8 34. Rxb5 Rxb5 35. Nxb5 Be7 36. a4 Ra8 37. Ra2 Ra5 38. h3 g5 39. Kg2 Kh7
40. Kg3 h5 41. f4 gxf4+ 42. Kxf4 Kg6 43. Nd4 Bg5+ 44. Ke4 Ra8 45. a5 Ra6 46.
Ra4 Kf7 47. Kf5 Bd8 48. Nb3 g6+ 49. Ke4 Be7 50. Kd5 Bd8 51. Rf4+ Ke7 52. Ra4 g5
53. Kc5 Ke6 54. Kd4 Ke7 55. Kd5 g4 56. hxg4 hxg4 57. Rxg4 Bxa5 58. Ra4 Rb6 59.
Nxa5 Rb5+ 60. Kc4 Rb6 61. Kc5 Rh6 62. Nc6+ Ke6 63. Ra6 Rh5 64. Kd4 Rh4+ 65. Kd3
Rh3+ 66. Kc4 Rh5 67. Kc5 Rh1 68. Ra4 Rc1+ 69. Kb6 Rb1+ 70. Kc7 Rd1 71. Rh4 Rc1
72. Rh6+ Kd5 73. Rd6+ Kc5 74. e6 Re1 75. e7 Re4 76. Rd8 1-0

[Event "Paris Ch op C"]
[Site "Paris "]
[Date "2008.07.05"]
[Round "8.25"]
[White "Banat, Rizlene"]
[Black "Morgan, Jacques"]
[Result "0-1"]
[WhiteElo "1360"]
[BlackElo "1370"]
[PlyCount "150"]
[EventDate "2008.06.28"]
[EventType "swiss"]
[EventRounds "9"]
[EventCountry "FRA"]
[WhiteTeamCountry "FRA"]
[BlackTeamCountry "FRA"]

1. d4 d5 2. c4 c6 3. Nc3 Nf6 4. Nf3 e6 5. Bg5 Nbd7 6. Ne5 Be7 7. Nf3 O-O 8. e3
Re8 9. Bd3 dxc4 10. Bxc4 b5 11. Bd3 a6 12. O-O c5 13. dxc5 Nxc5 14. Bc2 Bb7 15.
Ne5 Qc7 16. Nf3 Rad8 17. Qe2 Ng4 18. Bf4 Bd6 19. Bxh7+ Kh8 20. h3 Bxf4 21. hxg4
Kxh7 22. exf4 Qxf4 23. Nh2 Rd2 24. g3 Rxe2 25. gxf4 Rxb2 26. Rab1 Rc2 27. Rbc1
Rxc1 28. Rxc1 Rc8 29. Rd1 b4 30. Ne2 Bd5 31. Rb1 a5 32. Nc1 Na4 33. Nf1 Rc2 34.
Ne3 Bxa2 35. Ra1 Rc3 36. Nxa2 Ra3 37. Nc4 Rf3 38. Nxa5 b3 39. Nxb3 Rxb3 40. Nc1
Rb4 41. Nd3 Rd4 42. Ra3 Nb6 43. Rb3 Nd5 44. Kg2 Nxf4+ 45. Nxf4 Rxf4 46. f3 Rf6
47. Kg3 Rg6 48. f4 Kh6 49. Rb1 Kh7 50. Rh1+ Rh6 51. Rxh6+ Kxh6 52. Kf3 Kg6 53.
Ke4 f6 54. Kd4 e5+ 55. fxe5 fxe5+ 56. Kxe5 Kg5 57. Ke4 Kxg4 58. Ke3 g5 59. Ke4
Kh3 60. Kf3 g4+ 61. Kf2 Kh2 62. Ke3 g3 63. Kf3 g2 64. Kf2 g1=Q+ 65. Ke2 Qg3 66.
Kd2 Qf3 67. Kc2 Qe3 68. Kb2 Qd3 69. Ka2 Qb5 70. Ka1 Kg2 71. Ka2 Kf2 72. Ka3 Ke2
73. Ka2 Kd2 74. Ka3 Kc2 75. Ka2 Qa4# 0-1

[Event "Paris Ch op C"]
[Site "Paris "]
[Date "2008.07.05"]
[Round "8.26"]
[White "Bouriot, Florence"]
[Black "Siaugues, Jean-Claude"]
[Result "0-1"]
[WhiteElo "1280"]
[BlackElo "1370"]
[PlyCount "54"]
[EventDate "2008.06.28"]
[EventType "swiss"]
[EventRounds "9"]
[EventCountry "FRA"]
[WhiteTeamCountry "FRA"]
[BlackTeamCountry "FRA"]

1. d4 d5 2. Nf3 Nf6 3. e3 b6 4. Bd3 Nbd7 5. Nbd2 Bb7 6. O-O e6 7. Re1 c5 8. c3
Ne4 9. Qc2 Ndf6 10. Ng5 Nxg5 11. Bb5+ Nd7 12. f3 a6 13. Bxd7+ Qxd7 14. e4 f6
15. exd5 Qxd5 16. Ne4 Nf7 17. Bd2 Be7 18. Re2 cxd4 19. c4 Qd7 20. Qd3 Ne5 21.
Qb3 d3 22. Re3 Qd4 23. Rc1 Bxe4 24. fxe4 O-O 25. Qc3 Bc5 26. Kh1 Qxc3 27. Rxc3
Bxe3 0-1

[Event "Paris Ch op C"]
[Site "Paris "]
[Date "2008.07.05"]
[Round "8.27"]
[White "Savadoux, Valentin"]
[Black "Allaf, Alice"]
[Result "1/2-1/2"]
[WhiteElo "1140"]
[BlackElo "1499"]
[PlyCount "115"]
[EventDate "2008.06.28"]
[EventType "swiss"]
[EventRounds "9"]
[EventCountry "FRA"]
[WhiteTeamCountry "FRA"]
[BlackTeamCountry "FRA"]

1. Nf3 d5 2. g3 Bg4 3. Bg2 Nf6 4. O-O c5 5. d3 Nc6 6. Nbd2 g6 7. e4 d4 8. c3 e5
9. Nc4 b5 10. Ncd2 Bg7 11. h3 Be6 12. Ng5 Bd7 13. cxd4 cxd4 14. Qb3 O-O 15.
Qxb5 Ne8 16. b3 Qxg5 17. Nc4 Qd8 18. Ba3 Rb8 19. Qa4 Nb4 20. Qxa7 Nc2 21. Bxf8
Nxa1 22. Bxg7 Ra8 23. Qc5 Nxg7 24. Rxa1 f5 25. a4 Ne6 26. Qd5 Kg7 27. Qd6 Qc7
28. Qxc7 Nxc7 29. Nb6 Rd8 30. Nxd7 Rxd7 31. a5 Na6 32. Ra4 Nc5 33. Rb4 Nxd3 34.
Rb5 Rc7 35. a6 Nc5 36. Rb6 d3 37. Bf1 d2 38. Be2 Ra7 39. b4 Nxa6 40. b5 Nc5 41.
f3 Ra1+ 42. Kf2 d1=Q 43. Bxd1 Rxd1 44. Rc6 Rd2+ 45. Ke3 Rd3+ 46. Ke2 Rc3 47.
Rc7+ Kf8 48. b6 Rb3 49. Rxc5 Rxb6 50. Rc8+ Kg7 51. Rc7+ Kh6 52. g4 g5 53. Kf2
Kg6 54. Kg3 h5 55. Rd7 h4+ 56. Kf2 Rb2+ 57. Kg1 Rb3 58. Kg2 1/2-1/2

[Event "Paris Ch op C"]
[Site "Paris "]
[Date "2008.07.05"]
[Round "8.29"]
[White "Zeitoun, Maxime"]
[Black "Luond, Patrice"]
[Result "0-1"]
[WhiteElo "1400"]
[BlackElo "1499"]
[PlyCount "80"]
[EventDate "2008.06.28"]
[EventType "swiss"]
[EventRounds "9"]
[EventCountry "FRA"]
[WhiteTeamCountry "FRA"]
[BlackTeamCountry "FRA"]

1. d4 Nf6 2. c4 g6 3. Nc3 Bg7 4. e4 d6 5. Nf3 O-O 6. Bd3 Re8 7. Bf4 Nc6 8. O-O
e5 9. dxe5 dxe5 10. Bg3 a6 11. Nd5 Bg4 12. h3 Bxf3 13. Qxf3 Nd4 14. Qe3 c6 15.
Nc3 Nh5 16. f4 Nxg3 17. Qxg3 exf4 18. Qxf4 Re7 19. Rae1 Be5 20. Qe3 Nc2 21. Qf3
Nxe1 22. Rxe1 Qb6+ 23. Kh1 Qxb2 24. Na4 Qd4 25. Rd1 Bc7 26. Be2 Qe5 27. Kg1 b5
28. cxb5 cxb5 29. Rd5 Qh2+ 30. Kf2 bxa4 31. Bd1 Rb8 32. Rd2 Rb4 33. Bc2 Bb6+
34. Ke2 Qe5 35. a3 Rd4 36. Bd3 f5 37. Bxa6 Rxe4+ 38. Kf1 Qa1+ 39. Rd1 Re1+ 40.
Rxe1 Qxe1# 0-1